[Event "World Rapid Championship"]
[Site "Berlin GER"]
[Date "2015.10.10"]
[Round "3.9"]
[White "Daniil Dubov"]
[Black "Sergey Grigoriants"]
[Result "1/2-1/2"]
[EventDate "2015.10.10"]
[WhiteElo "2661"]
[BlackElo "2603"]
[PlyCount "80"]

1. d4 Nf6 2. c4 g6 3. Nc3 d5 4. Bg5 Ne4 5. Bf4 Nxc3 6. bxc3 Bg7 7. e3 O-O 8. Nf3 c5 9. Be2 dxc4 10. Bxc4 cxd4 11. cxd4 Qa5+ 12. Qd2 Qxd2+ 13. Kxd2 Nc6 14. Rab1 b6 15. Rhc1 Bf5 16. Bd3 Bxd3 17. Kxd3 Rac8 18. Ke2 Rfd8 19. Rb2 e6 20. Rbc2 Ne7 21. Bc7 Re8 22. Bd6 Rxc2+ 23. Rxc2 Rc8 24. Rxc8+ Nxc8 25. Bb8 Kf8 26. Kd3 Ke7 27. e4 a6 28. g4 h6 29. Ne5 h5 30. gxh5 gxh5 31. a4 Bxe5 32. Bxe5 Nd6 33. d5 f5 34. f3 fxe4+ 35. fxe4 exd5 36. exd5 b5 37. axb5 Nxb5 38. Kc4 Kd7 39. Kc5 Nc7 40. Bg3 a5 1/2-1/2

[Event "Russian Championship Higher League"]
[Site "Kaliningrad RUS"]
[Date "2015.07.01"]
[Round "9"]
[White "Daniil Dubov"]
[Black "Sanan Sjugirov"]
[Result "1/2-1/2"]
[EventDate "2015.??.??"]
[WhiteElo "2661"]
[BlackElo "2662"]
[PlyCount "172"]

1. c4 c5 2. Nf3 Nc6 3. d4 cxd4 4. Nxd4 Nf6 5. Nc3 e6 6. e4 Bb4 7. Nxc6 dxc6 8. Qxd8+ Kxd8 9. e5 Ne4 10. a3 Bxc3+ 11. bxc3 b6 12. a4 Kc7 13. h4 f5 14. Rg1 Ba6 15. g4 Rhg8 16. a5 Nc5 17. Be3 g6 18. gxf5 exf5 19. axb6+ axb6 20. Bxc5 bxc5 21. f4 Bb7 22. Rxa8 Rxa8 23. h5 Ra1+ 24. Kf2 Ra2+ 25. Be2 Ba6 26. hxg6 hxg6 27. Ke3 Ra3 28. Kd2 Ra2+ 29. Ke3 Ra3 30. Rxg6 Bxc4 31. Rg7+ Kd8 32. Rg5 Bd5 33. Rxf5 Rxc3+ 34. Kd2 Ra3 35. Rf8+ Ke7 36. Rh8 c4 37. f5 c3+ 38. Kd3 c2+ 39. Kxc2 Re3 40. f6+ Ke6 41. Re8+ Kf5 42. Bd3+ Kf4 43. f7 Bxf7 44. Rf8 Rxe5 45. Rxf7+ Ke3 46. Kc3 Rc5+ 47. Bc4 Re5 48. Rf6 Ke4 49. Rxc6 Ke3 50. Bd3 Re7 51. Rd6 Rc7+ 52. Bc4 Re7 53. Bd5 Re5 54. Kc4 Re7 55. Rf6 Kd2 56. Kd4 Rd7 57. Rf8 Ke2 58. Rg8 Kd2 59. Rg2+ Kd1 60. Ra2 Rd8 61. Ke4 Kc1 62. Rg2 Rd7 63. Kd4 Kd1 64. Rh2 Rd8 65. Kc4 Ke1 66. Be4 Rd2 67. Rh1+ Kf2 68. Bd3 Ke3 69. Rh8 Ra2 70. Re8+ Kf4 71. Kd4 Ra4+ 72. Bc4 Ra1 73. Rf8+ Kg5 74. Bd5 Ra4+ 75. Ke5 Ra5 76. Rb8 Kg4 77. Rb6 Kg5 78. Rb2 Kg4 79. Rg2+ Kh5 80. Rh2+ Kg5 81. Rh1 Rb5 82. Rg1+ Kh5 83. Rg7 Ra5 84. Ke6 Kh4 85. Rg2 Rb5 86. Ke5 Kh5 1/2-1/2

[Event "Russian Championship Higher League"]
[Site "Kaliningrad RUS"]
[Date "2015.06.30"]
[Round "8"]
[White "Alexander Motylev"]
[Black "Daniil Dubov"]
[Result "1/2-1/2"]
[EventDate "2015.??.??"]
[WhiteElo "2643"]
[BlackElo "2661"]
[PlyCount "26"]

1. e4 c5 2. Nf3 d6 3. d4 cxd4 4. Nxd4 Nf6 5. Nc3 Nc6 6. f3 e5 7. Nb3 Be7 8. Be3 O-O 9. Qd2 a5 10. Bb5 Na7 11. Be2 Nc6 12. Bb5 Na7 13. Be2 Nc6 1/2-1/2

[Event "Russian Championship Higher League"]
[Site "Kaliningrad RUS"]
[Date "2015.06.29"]
[Round "7"]
[White "Daniil Dubov"]
[Black "Ildar Khairullin"]
[Result "1/2-1/2"]
[EventDate "2015.??.??"]
[WhiteElo "2661"]
[BlackElo "2653"]
[PlyCount "68"]

1. c4 Nf6 2. Nc3 e5 3. Nf3 Nc6 4. g3 Bb4 5. Bg2 O-O 6. Nd5 Bc5 7. O-O d6 8. d4 Nxd4 9. Bg5 c6 10. Nxd4 cxd5 11. Nb3 dxc4 12. Nxc5 dxc5 13. Qc2 Be6 14. Bxb7 Rb8 15. Bg2 h6 16. Bd2 Nd5 17. Rad1 Qb6 18. Bxd5 Bxd5 19. Bc3 Qe6 20. Qd2 Rfd8 21. Qe3 f6 22. Qxc5 Bb7 23. Qc7 Rdc8 24. Qd7 Qc6 25. Qxc6 Bxc6 26. f3 Rd8 27. Kf2 Ba4 28. Rxd8+ Rxd8 29. Rc1 Rd1 30. Rxd1 Bxd1 31. Ke1 Ba4 32. Kf2 Bd1 33. Ke1 Ba4 34. Kf2 Bd1 1/2-1/2

[Event "Russian Championship Higher League"]
[Site "Kaliningrad RUS"]
[Date "2015.06.28"]
[Round "6"]
[White "Pavel Ponkratov"]
[Black "Daniil Dubov"]
[Result "0-1"]
[EventDate "2015.??.??"]
[WhiteElo "2610"]
[BlackElo "2661"]
[PlyCount "120"]

1. d4 Nf6 2. c4 c5 3. d5 b5 4. cxb5 a6 5. Nc3 axb5 6. e4 b4 7. Nb5 d6 8. a4 Nxe4 9. Bc4 Nf6 10. Qe2 Ra6 11. Bg5 h6 12. Bxf6 gxf6 13. Nf3 Bg7 14. b3 f5 15. Rd1 Bf6 16. O-O Kf8 17. Rfe1 Ra8 18. Bd3 Na6 19. Qc2 Qd7 20. Nd2 Rg8 21. f4 Nc7 22. Nxc7 Qxc7 23. Bxf5 Bb7 24. Be4 Bc3 25. Kh1 c4 26. bxc4 Bc8 27. Bf3 Bd7 28. Qh7 Rh8 29. Qd3 Rxa4 30. Re2 Qa7 31. Rde1 Bf6 32. Qb3 Qa5 33. c5 Ra3 34. Nc4 Rxb3 35. Nxa5 Rxf3 36. gxf3 dxc5 37. Nc6 b3 38. Rb1 c4 39. Ne5 Bf5 40. Rc1 Bxe5 41. fxe5 Bd3 42. Rd2 Kg7 43. Rg2+ Kh7 44. d6 exd6 45. exd6 Rd8 46. Rd2 Kg6 47. d7 Kf5 48. Rc3 Rxd7 49. Rxc4 Bxc4 50. Rxd7 Ke5 51. f4+ Ke4 52. Kg2 Bd5 53. Rd6 b2 54. Rb6 Kd3+ 55. Kg3 Kc3 56. Rxb2 Kxb2 57. Kg4 Kc3 58. Kh5 Kd4 59. Kxh6 Ke4 60. Kg5 f5 0-1

[Event "Russian Championship Higher League"]
[Site "Kaliningrad RUS"]
[Date "2015.06.26"]
[Round "5"]
[White "Daniil Dubov"]
[Black "Mikhail Kobalia"]
[Result "1/2-1/2"]
[EventDate "2015.??.??"]
[WhiteElo "2661"]
[BlackElo "2623"]
[PlyCount "65"]

1. d4 d5 2. c4 c6 3. Nf3 Nf6 4. Qc2 g6 5. Bf4 Bg7 6. e3 O-O 7. Nc3 Bg4 8. Ne5 Be6 9. Be2 Nbd7 10. cxd5 Nxd5 11. Nxd5 Bxd5 12. Nxd7 Qxd7 13. O-O Qe6 14. b4 a5 15. a3 f5 16. Bd3 b5 17. Qc3 g5 18. Be5 Bxe5 19. dxe5 f4 20. e4 Bc4 21. Bxc4 Qxc4 22. Qxc4+ bxc4 23. Rac1 axb4 24. axb4 Rfb8 25. Rxc4 Ra4 26. Rxc6 Rbxb4 27. f3 Rb2 28. Kh1 Ra5 29. Re6 Kf7 30. Rh6 Kg7 31. Re6 Kf7 32. Rh6 Kg7 33. Re6 1/2-1/2

[Event "Russian Championship Higher League"]
[Site "Kaliningrad RUS"]
[Date "2015.06.25"]
[Round "4"]
[White "Evgeny Alekseev"]
[Black "Daniil Dubov"]
[Result "1/2-1/2"]
[EventDate "2015.??.??"]
[WhiteElo "2651"]
[BlackElo "2661"]
[PlyCount "71"]

1. e4 c5 2. Nf3 Nc6 3. d4 cxd4 4. Nxd4 e5 5. Nb5 d6 6. c4 g6 7. Bd3 Bg7 8. O-O Nge7 9. Be3 O-O 10. Be2 Be6 11. N1a3 a6 12. Nxd6 Nd4 13. c5 b6 14. Rc1 Nec6 15. Bc4 Bxc4 16. Naxc4 bxc5 17. Nb7 Qe7 18. Nba5 Nxa5 19. Nxa5 Qe6 20. b3 Rac8 21. Kh1 f5 22. f3 Qb6 23. Nc4 Qc6 24. Qd3 Kh8 25. Rfd1 Rcd8 26. Rd2 Qf6 27. Qb1 Qh4 28. Rg1 Qh5 29. Rf1 Bh6 30. Bxh6 Qxh6 31. Qe1 Rde8 32. Rdf2 Re6 33. Kg1 Qg5 34. Kh1 Qh6 35. Kg1 Qg5 36. Kh1 1/2-1/2

[Event "Russian Championship Higher League"]
[Site "Kaliningrad RUS"]
[Date "2015.06.23"]
[Round "2"]
[White "Daniil Dubov"]
[Black "Ivan Rozum"]
[Result "1-0"]
[EventDate "2015.??.??"]
[WhiteElo "2661"]
[BlackElo "2539"]
[PlyCount "65"]

1. c4 c5 2. Nf3 b6 3. Nc3 Nf6 4. e4 d6 5. d4 cxd4 6. Nxd4 Bb7 7. Bd3 e6 8. O-O Be7 9. b3 O-O 10. Bb2 Nbd7 11. Qe2 Re8 12. Rad1 Bf8 13. Bb1 a6 14. f4 Qc7 15. Kh1 g6 16. e5 dxe5 17. fxe5 Nh5 18. Be4 Bg7 19. Ndb5 axb5 20. Nxb5 Qd8 21. Bxb7 Rxa2 22. Bc6 Qh4 23. Qf2 Qxf2 24. Rxf2 Bxe5 25. Bxd7 Rd8 26. Bxe5 Rxf2 27. Kg1 Rc2 28. g4 Ng7 29. Bf6 Rb8 30. Nd4 Ra2 31. Nc6 Rba8 32. Ne7+ Kf8 33. Nc8 1-0

[Event "Russian Championship Higher League"]
[Site "Kaliningrad RUS"]
[Date "2015.06.22"]
[Round "1"]
[White "Urii Eliseev"]
[Black "Daniil Dubov"]
[Result "1/2-1/2"]
[EventDate "2015.??.??"]
[WhiteElo "2530"]
[BlackElo "2661"]
[PlyCount "81"]

1. e4 c5 2. Nf3 d6 3. d4 cxd4 4. Nxd4 Nf6 5. Nc3 Nc6 6. Bg5 e6 7. Qd2 a6 8. O-O-O Bd7 9. f4 b5 10. Bxf6 gxf6 11. Kb1 Qb6 12. Nxc6 Bxc6 13. f5 b4 14. Ne2 e5 15. Ng3 h5 16. h4 Qc5 17. Qe2 Ke7 18. Nxh5 Bb5 19. Qg4 Bh6 20. Rd5 Qc7 21. Qd1 Bc6 22. Bc4 Rac8 23. b3 Bxd5 24. Qxd5 Rh7 25. g4 Be3 26. Rh3 Qc5 27. Qb7+ Rc7 28. Qb8 Rc8 29. Qb7+ Rc7 30. Qa8 Rc8 31. Qxa6 Rhh8 32. Rxe3 Qxe3 33. Qb7+ Kd8 34. Nxf6 Qe1+ 35. Kb2 Qc3+ 36. Kb1 Qe1+ 37. Kb2 Qc3+ 38. Kb1 Qe1+ 39. Kb2 Qc3+ 40. Kb1 Qe1+ 41. Kb2 1/2-1/2

[Event "TCh-RUS Blitz 2015"]
[Site "Sochi RUS"]
[Date "2015.05.10"]
[Round "11.12"]
[White "Alexandr Predke"]
[Black "Daniil Dubov"]
[Result "0-1"]
[EventDate "?"]
[WhiteElo "2533"]
[BlackElo "2659"]
[PlyCount "140"]

1. Nc3 g6 2. e4 Bg7 3. d4 d6 4. Bg5 a6 5. f4 b5 6. Nf3 Bb7 7. Bd3 Nf6 8. e5 Nd5 9. Nxd5 Bxd5 10. Qe2 Nc6 11. c3 O-O 12. Bh4 Qd7 13. O-O Qg4 14. Bg3 Bh6 15. Qe3 f6 16. Be2 Qe6 17. Qd3 Rad8 18. b3 dxe5 19. fxe5 b4 20. Rad1 bxc3 21. Qxc3 Bg7 22. Bc4 fxe5 23. Nxe5 Rxf1+ 24. Rxf1 Bxc4 25. Qxc4 Qxc4 26. Nxc4 Bxd4+ 27. Kh1 e5 28. h4 Kg7 29. Re1 Re8 30. Rc1 Nb4 31. Nd2 Re7 32. Nf3 Nxa2 33. Rc4 Bc3 34. Ra4 Nb4 35. Nxe5 Bxe5 36. Bxe5+ Rxe5 37. Rxb4 Rb5 38. Rc4 c5 39. Rc3 Kf6 40. Re3 a5 41. g3 Rb4 42. Rc3 Rb5 43. Re3 Rb4 44. Rc3 Rb5 45. Re3 Rb6 46. Rc3 Rc6 47. Re3 Re6 48. Rc3 Re5 49. Rc4 Ke6 50. Ra4 Re3 51. Rxa5 Kd6 52. Kg2 Rxb3 53. Ra7 c4 54. Kf2 c3 55. Ke2 c2 56. Kd2 Rc3 57. Kc1 Rxg3 58. Rxh7 Rg2 59. Rg7 Ke5 60. h5 g5 61. h6 Kf6 62. Rg8 Rh2 63. h7 Rxh7 64. Kxc2 Rd7 65. Re8 g4 66. Re1 Kg5 67. Rg1 Kf4 68. Rf1+ Kg3 69. Rg1+ Kf3 70. Rf1+ Kg2 0-1

[Event "TCh-RUS Blitz 2015"]
[Site "Sochi RUS"]
[Date "2015.05.10"]
[Round "5.4"]
[White "Daniil Dubov"]
[Black "Pavel V Tregubov"]
[Result "1-0"]
[EventDate "?"]
[WhiteElo "2659"]
[BlackElo "2571"]
[PlyCount "76"]

1. e4 c5 2. Nf3 e6 3. d4 cxd4 4. Nxd4 Nc6 5. Nc3 Nf6 6. Ndb5 Bb4 7. a3 Bxc3+ 8. Nxc3 d5 9. Bd3 O-O 10. O-O d4 11. Ne2 e5 12. Ng3 Ne7 13. f4 Ng4 14. f5 Ne3 15. Bxe3 dxe3 16. f6 Ng6 17. fxg7 Kxg7 18. Kh1 Nf4 19. Nh5+ Nxh5 20. Qxh5 f6 21. Rf3 Be6 22. Rxe3 Kh8 23. Rf1 Qe7 24. Ref3 Rf7 25. Qh6 Raf8 26. h3 a6 27. R3f2 b5 28. Be2 Qb7 29. Rxf6 Qe7 30. Rxe6 Rxf1+ 31. Bxf1 Rxf1+ 32. Kh2 Qf7 33. Rxa6 Qf4+ 34. Qxf4 Rxf4 35. Rb6 Rxe4 36. Rxb5 Re2 37. c3 e4 38. Kg3 1-0

[Event "TCh-RUS Blitz 2015"]
[Site "Sochi RUS"]
[Date "2015.05.10"]
[Round "9.4"]
[White "Daniil Dubov"]
[Black "Denis Khismatullin"]
[Result "0-1"]
[EventDate "?"]
[WhiteElo "2659"]
[BlackElo "2666"]
[PlyCount "96"]

1. Nf3 d5 2. g3 c6 3. Bg2 Bg4 4. O-O e6 5. d3 Nd7 6. h3 Bh5 7. Qe1 Bd6 8. e4 Ne7 9. Nc3 O-O 10. Ne2 e5 11. Nh4 f6 12. f4 exf4 13. gxf4 Kh8 14. Ng3 Bf7 15. Kh1 Re8 16. Be3 Qc7 17. Qf2 dxe4 18. dxe4 Rad8 19. Rae1 b6 20. c3 Bxa2 21. Nhf5 Nxf5 22. Nxf5 Bf8 23. Bf3 g6 24. Nh4 Bf7 25. Bd4 Qxf4 26. Ng2 Qd6 27. Bg4 Bg7 28. Rd1 Ne5 29. Be2 Qe7 30. h4 c5 31. Be3 c4 32. Nf4 Nd3 33. Nxd3 cxd3 34. Bf3 Bc4 35. h5 g5 36. Qh2 h6 37. Bd4 f5 38. Bxg7+ Qxg7 39. exf5 Qe5 40. Qxe5+ Rxe5 41. f6 Kg8 42. Rd2 Kf7 43. Bg4 Rd6 44. Rdf2 d2 45. Rd1 Re4 46. Bf5 Re1+ 47. Kg2 Rxd1 48. Bg6+ Kf8 0-1

[Event "Aeroflot Open"]
[Site "Moscow RUS"]
[Date "2015.04.04"]
[Round "9.2"]
[White "Daniil Dubov"]
[Black "Lu Shanglei"]
[Result "1-0"]
[EventDate "2015.03.27"]
[WhiteElo "2627"]
[BlackElo "2570"]
[PlyCount "53"]

1. d4 f5 2. Nf3 Nf6 3. Bg5 Ne4 4. Bh4 g6 5. Nbd2 Bg7 6. e3 c5 7. c3 d5 8. Nxe4 fxe4 9. Nd2 cxd4 10. cxd4 O-O 11. Qb3 Nc6 12. Rc1 Be6 13. Qxb7 Nxd4 14. exd4 Rb8 15. Qa6 Rb6 16. Qa3 Bxd4 17. Nb3 Rxb3 18. Qxb3 Qa5+ 19. Kd1 Bd7 20. Qb7 Qa4+ 21. b3 Bg4+ 22. f3 exf3 23. Qxd5+ e6 24. Qxe6+ Bxe6 25. bxa4 Bd5 26. gxf3 Bxf3+ 27. Kd2 1-0

[Event "Aeroflot Open"]
[Site "Moscow RUS"]
[Date "2015.04.03"]
[Round "8.1"]
[White "Ivan Bukavshin"]
[Black "Daniil Dubov"]
[Result "1/2-1/2"]
[EventDate "2015.03.27"]
[WhiteElo "2618"]
[BlackElo "2627"]
[PlyCount "31"]

1. d4 Nf6 2. Nf3 g6 3. Nbd2 Bg7 4. e4 O-O 5. Bd3 d6 6. O-O Nc6 7. c3 Nd7 8. b4 e5 9. b5 Ne7 10. a4 a6 11. Bb2 b6 12. Qb3 Bb7 13. Rfd1 axb5 14. axb5 Rxa1 15. Rxa1 d5 16. Re1 1/2-1/2

[Event "Aeroflot Open"]
[Site "Moscow RUS"]
[Date "2015.04.01"]
[Round "6.2"]
[White "Daniil Dubov"]
[Black "Krishnan Sasikiran"]
[Result "1-0"]
[EventDate "2015.03.27"]
[WhiteElo "2627"]
[BlackElo "2682"]
[PlyCount "115"]

1. e4 e5 2. Nf3 Nc6 3. Bb5 a6 4. Ba4 Nf6 5. O-O Be7 6. Re1 b5 7. Bb3 O-O 8. a4 b4 9. d4 d6 10. dxe5 Nxe5 11. Nxe5 dxe5 12. Qe2 Bc5 13. Be3 Bd4 14. Bxd4 Qxd4 15. Rd1 Bg4 16. Rxd4 Bxe2 17. Rxb4 a5 18. Rb7 Rfc8 19. Ba2 Nxe4 20. Rb3 Bc4 21. Re3 Bxa2 22. Rxe4 Bxb1 23. Rxb1 f6 24. Rd1 Rd8 25. Rxd8+ Rxd8 26. Kf1 c5 27. Rc4 Rd5 28. Ke2 Kf7 29. Rc3 Rd4 30. Rxc5 Rxa4 31. b3 Ra1 32. Rc7+ Kg6 33. Ra7 f5 34. b4 Rc1 35. Kd2 Rf1 36. b5 Rxf2+ 37. Kc3 Rf1 38. Rxa5 Rb1 39. Kc4 Rb2 40. Ra3 Rxc2+ 41. Rc3 Rd2 42. b6 Rd8 43. b7 Rb8 44. Rb3 e4 45. Kd5 Kg5 46. Kc6 Kf4 47. Kc7 Rxb7+ 48. Rxb7 Ke3 49. Kd6 Kf2 50. Rxg7 e3 51. g3 e2 52. Re7 e1=Q 53. Rxe1 Kxe1 54. Ke5 Kf2 55. Kf4 Kg2 56. h4 Kh3 57. h5 Kg2 58. h6 1-0

[Event "Aeroflot Open"]
[Site "Moscow RUS"]
[Date "2015.03.31"]
[Round "5.4"]
[White "Igor Viktorovich Kovalenko"]
[Black "Daniil Dubov"]
[Result "0-1"]
[EventDate "2015.03.27"]
[WhiteElo "2661"]
[BlackElo "2627"]
[PlyCount "106"]

1. c4 Nf6 2. Nc3 c5 3. Nf3 e6 4. g3 b6 5. Bg2 Bb7 6. O-O Be7 7. b3 O-O 8. Bb2 d5 9. e3 dxc4 10. bxc4 Nc6 11. Qe2 Nb4 12. Ne1 Bxg2 13. Kxg2 Qd7 14. a3 Qb7+ 15. Kg1 Nc6 16. f4 a6 17. g4 b5 18. g5 Nd7 19. Rb1 b4 20. Ba1 f5 21. d3 Nb6 22. Nd1 a5 23. Rf3 Bd6 24. Rh3 g6 25. Nf3 Rfe8 26. Qg2 Ra7 27. Nf2 Bf8 28. Rh6 Bg7 29. e4 Bxa1 30. Rxa1 b3 31. h4 b2 32. Rb1 Na4 33. Nd1 Qb3 34. Nxb2 Qa2 35. Qf1 Rb7 36. h5 Nc3 37. Re1 Rxb2 38. hxg6 Ne2+ 39. Rxe2 Rxe2 40. Rxh7 Re7 41. Kh1 Rf2 42. Qh3 Qa1+ 43. Ng1 Rf1 44. Qh2 Rxg1+ 45. Qxg1 Qxg1+ 46. Kxg1 Rxh7 47. gxh7+ Kxh7 48. Kf2 a4 49. Ke2 Kg6 50. Ke3 Nd4 51. Kd2 fxe4 52. dxe4 e5 53. Ke3 Kh5 0-1

[Event "Aeroflot Open"]
[Site "Moscow RUS"]
[Date "2015.03.30"]
[Round "4.9"]
[White "Daniil Dubov"]
[Black "Vladimir Fedoseev"]
[Result "1-0"]
[EventDate "2015.03.27"]
[WhiteElo "2627"]
[BlackElo "2674"]
[PlyCount "81"]

1. Nf3 b6 2. g3 Bb7 3. Bg2 g6 4. O-O Bg7 5. d4 Nf6 6. c4 O-O 7. d5 Na6 8. Nc3 Nc5 9. Nd4 a5 10. b3 e6 11. e4 Ne8 12. Re1 c6 13. Be3 cxd5 14. exd5 e5 15. Ndb5 f5 16. d6 e4 17. Nd5 Rf7 18. Ne7+ Kf8 19. Bd4 Ba6 20. Bxg7+ Rxg7 21. f3 Bxb5 22. fxe4 Bc6 23. exf5 Bxg2 24. fxg6 Rxg6 25. Qd4 Rf6 26. Qg4 Ng7 27. Kxg2 Qb8 28. Rf1 Qxd6 29. Rxf6+ Qxf6 30. Rf1 Qxf1+ 31. Kxf1 Kxe7 32. Qxg7+ Kd6 33. Qxh7 a4 34. b4 Ne6 35. Kg2 a3 36. h4 Kc7 37. h5 Re8 38. Qg6 Re7 39. h6 Nf8 40. Qg7 Re2+ 41. Kf3 1-0

[Event "Aeroflot Open"]
[Site "Moscow RUS"]
[Date "2015.03.27"]
[Round "1.22"]
[White "Bayarsaikhan Gundavaa"]
[Black "Daniil Dubov"]
[Result "0-1"]
[EventDate "2015.03.27"]
[WhiteElo "2505"]
[BlackElo "2627"]
[PlyCount "121"]

1. d4 e6 2. c4 c5 3. d5 exd5 4. cxd5 g6 5. Nc3 d6 6. e4 Bg7 7. h3 a6 8. a4 Nd7 9. Nf3 Ne7 10. Bd3 h6 11. O-O g5 12. Ne2 Ng6 13. Ng3 Nde5 14. Be2 Rg8 15. Nxe5 Nxe5 16. Ra3 Bd7 17. Qc2 g4 18. Nf5 Bxf5 19. exf5 h5 20. Qe4 Qe7 21. hxg4 Nxg4 22. Qxe7+ Kxe7 23. Rh3 Bd4 24. Rxh5 Kf6 25. Rh4 Kxf5 26. g3 Rae8 27. Bd3+ Kf6 28. Kg2 Ne5 29. Rf4+ Kg7 30. Bc2 b5 31. Rh1 Ng6 32. Rf3 Rh8 33. Rd1 Rh5 34. axb5 axb5 35. Rf5 Rxf5 36. Bxf5 Re2 37. Rf1 Ne5 38. b3 c4 39. bxc4 bxc4 40. Bf4 c3 41. g4 Ra2 42. Bxe5+ Bxe5 43. Rd1 Kf6 44. Kf3 Kg5 45. Be4 Ra3 46. Bc2 Ra8 47. Rh1 Ra2 48. Rc1 Rb2 49. Be4 Rb3 50. Rh1 Bd4 51. Rc1 Rb8 52. Rd1 Be5 53. Rh1 Rb2 54. Rd1 Bf4 55. Rh1 Bd2 56. Ke2 Kxg4 57. Kd3 f5 58. Rg1+ Kf4 59. Bh1 Ra2 60. Bg2 c2 61. Kd4 0-1

[Event "European Championship"]
[Site "Jerusalem ISR"]
[Date "2015.03.08"]
[Round "11.20"]
[White "Martyn Kravtsiv"]
[Black "Daniil Dubov"]
[Result "1/2-1/2"]
[EventDate "2015.02.24"]
[WhiteElo "2565"]
[BlackElo "2632"]
[PlyCount "131"]

1. e4 c5 2. Nf3 Nc6 3. d4 cxd4 4. Nxd4 e6 5. Nc3 Qc7 6. Be2 Nf6 7. O-O Be7 8. Be3 O-O 9. f4 d6 10. Ndb5 Qb8 11. a4 b6 12. Qe1 Bb7 13. Qg3 Kh8 14. Rad1 a6 15. Nd4 Nb4 16. Bf3 Qc7 17. Rd2 Rad8 18. Kh1 Nd7 19. f5 Nc5 20. Nde2 Bf6 21. Nf4 Qe7 22. Nh5 Be5 23. f6 Bxf6 24. Nxf6 gxf6 25. Qh4 Nc6 26. e5 Nxe5 27. Bxb7 Nxb7 28. Bxb6 Rc8 29. Bd4 Rg8 30. Bxe5 dxe5 31. Ne4 Rg7 32. Nxf6 Nd6 33. Qe1 Qb7 34. Qe2 Ne8 35. Nh5 Rg5 36. h4 Rg6 37. Qxe5+ Kg8 38. Nf4 Rg4 39. Kg1 Ng7 40. Rff2 h6 41. Qf6 Kh7 42. b3 Rc5 43. Rd8 Qe4 44. Qxf7 Qe1+ 45. Kh2 Rxh4+ 46. Nh3 Qe5+ 47. g3 Rc3 48. Qg8+ Kg6 49. Rd3 Rxd3 50. cxd3 Qc7 51. d4 a5 52. d5 exd5 53. Kg2 Rxh3 54. Kxh3 Qb7 55. Rf4 h5 56. Rd4 Qd7+ 57. Kg2 Qe7 58. Qxd5 Qe2+ 59. Kh3 Ne6 60. Qc6 Qf1+ 61. Kh2 Qf2+ 62. Kh1 Qf1+ 63. Kh2 Qf2+ 64. Kh1 Qf1+ 65. Kh2 Qe2+ 66. Kh1 1/2-1/2

[Event "European Championship"]
[Site "Jerusalem ISR"]
[Date "2015.03.06"]
[Round "10.20"]
[White "Daniil Dubov"]
[Black "Andrey Zhigalko"]
[Result "1/2-1/2"]
[EventDate "2015.02.24"]
[WhiteElo "2632"]
[BlackElo "2572"]
[PlyCount "100"]

1. d4 Nf6 2. Bg5 d5 3. Nd2 c5 4. Bxf6 gxf6 5. dxc5 Na6 6. e4 Nxc5 7. Qh5 f5 8. Ngf3 Bg7 9. Bb5+ Bd7 10. Bxd7+ Qxd7 11. exf5 Bxb2 12. Rb1 Bf6 13. O-O Rg8 14. Rfe1 Qd6 15. Rbd1 Qf4 16. Nb3 Ne4 17. Nbd4 Rc8 18. Ne6 Qg4 19. Qxg4 Rxg4 20. h3 Rg8 21. Nf4 Nc3 22. Rd3 Rc4 23. Nh5 Kd7 24. Nd2 Rc6 25. Nxf6+ exf6 26. Rde3 Kd6 27. Nb3 Rc7 28. Nd4 a6 29. a3 b5 30. g4 Rgc8 31. Rd3 Na4 32. g5 fxg5 33. f6 Rc3 34. Nf5+ Kc5 35. Re7 Rxd3 36. cxd3 Rf8 37. Nh6 a5 38. Nxf7 b4 39. axb4+ axb4 40. Ne5 Kd6 41. d4 Rxf6 42. Rb7 Nc3 43. Rb6+ Ke7 44. Rxb4 h5 45. Kf1 Ne4 46. f3 g4 47. hxg4 hxg4 48. Rb7+ Ke8 49. Nxg4 Rxf3+ 50. Ke2 Rf7 1/2-1/2

[Event "European Championship"]
[Site "Jerusalem ISR"]
[Date "2015.03.05"]
[Round "9.11"]
[White "Alexander Moiseenko"]
[Black "Daniil Dubov"]
[Result "1/2-1/2"]
[EventDate "2015.02.24"]
[WhiteElo "2695"]
[BlackElo "2632"]
[PlyCount "33"]

1. d4 Nf6 2. c4 c5 3. d5 b5 4. cxb5 a6 5. bxa6 g6 6. Nc3 Bg7 7. e4 O-O 8. e5 Ne8 9. f4 d6 10. Nf3 Nd7 11. e6 fxe6 12. Ng5 Ndf6 13. Nxe6 Bxe6 14. dxe6 d5 15. Be2 Nc7 16. O-O Nxe6 17. Rb1 1/2-1/2

[Event "European Championship"]
[Site "Jerusalem ISR"]
[Date "2015.03.04"]
[Round "8.8"]
[White "Daniil Dubov"]
[Black "Maxim Matlakov"]
[Result "1/2-1/2"]
[EventDate "2015.02.24"]
[WhiteElo "2632"]
[BlackElo "2695"]
[PlyCount "51"]

1. d4 Nf6 2. c4 e6 3. Nf3 d5 4. Bg5 Bb4+ 5. Nbd2 dxc4 6. Qa4+ Nc6 7. e3 Bd7 8. Qc2 b5 9. a3 Bxd2+ 10. Nxd2 e5 11. dxe5 Nxe5 12. a4 h6 13. Bh4 O-O 14. axb5 Bxb5 15. Nxc4 Qe7 16. Nxe5 Qxe5 17. Bxf6 gxf6 18. Ra5 a6 19. Bc4 Kg7 20. O-O Rad8 21. Qe2 c6 22. Qg4+ Qg5 23. Qf3 Rd6 24. Bxb5 cxb5 25. g3 Rc8 26. h4 1/2-1/2

[Event "European Championship"]
[Site "Jerusalem ISR"]
[Date "2015.03.03"]
[Round "7.12"]
[White "Ilia Iljiushenok"]
[Black "Daniil Dubov"]
[Result "1/2-1/2"]
[EventDate "2015.02.24"]
[WhiteElo "2450"]
[BlackElo "2632"]
[PlyCount "152"]

1. e4 c5 2. Nf3 Nc6 3. d4 cxd4 4. Nxd4 e6 5. Nc3 Qc7 6. Be3 a6 7. Bd3 Nf6 8. O-O Bd6 9. h3 b5 10. a3 Bb7 11. Nb3 Ne5 12. Qe2 Ng6 13. Qd2 Nf4 14. Nd4 Qb8 15. Nde2 g5 16. Bd4 Be5 17. Bxe5 Qxe5 18. Nxf4 gxf4 19. f3 Rg8 20. Ne2 Nh5 21. a4 Qc5+ 22. Rf2 Ng3 23. Nxf4 b4 24. Re1 Rc8 25. b3 d6 26. Qe3 Ke7 27. Qxc5 Rxc5 28. Ne2 Nh5 29. f4 Nf6 30. Nd4 Rh5 31. Re3 Rh4 32. Kf1 Nd7 33. Kg1 Nc5 34. Kh2 Nxd3 35. cxd3 Rh5 36. f5 e5 37. Nf3 f6 38. Rc2 Kd7 39. d4 exd4 40. Nxd4 Rh4 41. Ne6 Rxe4 42. Rd3 Rc8 43. Rxc8 Kxc8 44. Rxd6 Kb8 45. Rd8+ Bc8 46. Nc5 Re3 47. Nxa6+ Kb7 48. Rd3 Re2 49. Nxb4 Bxf5 50. Rg3 Be4 51. Nd3 Kb6 52. Nf4 Rc2 53. Re3 f5 54. Ne2 Ka5 55. g4 Bb7 56. Kg3 fxg4 57. Re5+ Kb6 58. hxg4 Rb2 59. Nd4 Rd2 60. a5+ Kc7 61. Re7+ Kb8 62. Rd7 Ra2 63. b4 Ra4 64. Rd6 Rxb4 65. Nc6+ Kc7 66. Nxb4 Kxd6 67. g5 Kc5 68. Nd3+ Kb5 69. Kf4 Kxa5 70. Nc5 Bd5 71. Nd7 Ba2 72. Ke5 Kb5 73. Kf6 Kc6 74. Nf8 Bb1 75. Kg7 Kd6 76. Nxh7 Ke7 1/2-1/2

[Event "European Championship"]
[Site "Jerusalem ISR"]
[Date "2015.03.02"]
[Round "6.6"]
[White "Daniil Dubov"]
[Black "Liviu Dieter Nisipeanu"]
[Result "1/2-1/2"]
[EventDate "2015.02.24"]
[WhiteElo "2632"]
[BlackElo "2654"]
[PlyCount "51"]

1. d4 Nf6 2. c4 e6 3. Nf3 d5 4. Bg5 Bb4+ 5. Nbd2 h6 6. Bxf6 Qxf6 7. a3 Bxd2+ 8. Qxd2 c6 9. e3 O-O 10. Be2 dxc4 11. Bxc4 Nd7 12. O-O e5 13. Nxe5 Nxe5 14. dxe5 Qxe5 15. Rad1 Bf5 16. Qb4 b5 17. Be2 a5 18. Qd4 Qxd4 19. Rxd4 Rfd8 20. Bf3 Rxd4 21. exd4 Rd8 22. Rd1 Rd6 23. Kf1 g5 24. b4 axb4 25. axb4 Be6 26. h3 1/2-1/2

[Event "European Championship"]
[Site "Jerusalem ISR"]
[Date "2015.03.01"]
[Round "5.25"]
[White "Axel Rombaldoni"]
[Black "Daniil Dubov"]
[Result "0-1"]
[EventDate "2015.02.24"]
[WhiteElo "2488"]
[BlackElo "2632"]
[PlyCount "135"]

1. e4 c5 2. Nf3 Nc6 3. d4 cxd4 4. Nxd4 e6 5. Nc3 Qc7 6. g3 a6 7. Bg2 d6 8. Nxc6 bxc6 9. O-O Nf6 10. Na4 Bb7 11. c4 c5 12. Re1 Nd7 13. b3 Be7 14. Bb2 O-O 15. f4 Bc6 16. Nc3 Bf6 17. h3 Rab8 18. Qc2 Bd4+ 19. Kh2 Qb7 20. Rad1 Rfe8 21. Rd2 a5 22. Nb5 Bxb5 23. cxb5 e5 24. a4 Nb6 25. f5 Rec8 26. f6 gxf6 27. Qd1 Qe7 28. h4 Kh8 29. Bh3 Rg8 30. Bxd4 exd4 31. Rf2 Rg7 32. Qf3 Qe5 33. Rg1 d5 34. Qxf6 Qxf6 35. Rxf6 dxe4 36. Bf5 e3 37. Rc6 Rgg8 38. Rxc5 Rbd8 39. Bd3 Nd5 40. Rc4 Nf6 41. Kg2 Ng4 42. Kf3 Ne5+ 43. Ke2 Nxc4 44. bxc4 Rc8 45. g4 f5 46. g5 f4 47. Kf3 Rgf8 48. g6 hxg6 49. Rxg6 Rce8 50. Rh6+ Kg7 51. Rd6 Rh8 52. Rg6+ Kf7 53. Rg4 Re5 54. Rxf4+ Ke7 55. c5 Rxc5 56. Rxd4 Re5 57. Be4 Rxh4 58. Kxe3 Rc5 59. b6 Rc3+ 60. Kd2 Rb3 61. b7 Rxb7 62. Rc4 Rb2+ 63. Kc3 Rb4 64. Bd3 Rhxc4+ 65. Bxc4 Rxa4 66. Bb3 Rb4 67. Bc4 Kd6 68. Kd4 0-1